Catálogo de la Biblioteca de Almadén / (Record no. 120760)

MARC details
000 -LEADER
campo de control de longitud fija 00505nam a2200157 4500
001 - NÚMERO DE CONTROL
campo de control 120760
003 - IDENTIFICADOR DE NÚMERO DE CONTROL
campo de control ES-MaACL
005 - FECHA Y HORA DE LA ÚLTIMA TRANSACCIÓN
campo de control 20230906191622.0
007 - CAMPO FIJO DE DESCRIPCIÓN FÍSICA--INFORMACIÓN GENERAL
campo de control de longitud fija t|
008 - DATOS DE LONGITUD FIJA--INFORMACIÓN GENERAL
campo de control de longitud fija 070214s1909 sp r ||||1| spa d
100 1# - ENTRADA PRINCIPAL--NOMBRE DE PERSONA
Nombre de persona Prados y Avilero, Rodrigo.
9 (RLIN) 93644
245 10 - MENCIÓN DEL TÍTULO
Título Catálogo de la Biblioteca de Almadén /
Mención de responsabilidad, etc. formado por Rodrigo Prados y Avilero.
260 ## - PUBLICACIÓN, DISTRIBUCIÓN, ETC.
Lugar de publicación, distribución, etc. Madrid :
Nombre del editor, distribuidor, etc. [s. n.],
Fecha de publicación, distribución, etc. 1909.
505 8# - NOTA DE CONTENIDO CON FORMATO
Nota de contenido con formato Contiene: Catálogo y Apéndices 1 y 2 (hasta diciembre de 1911)
852 ## - LOCALIZACIÓN
Ubicación ES-MaACL
Número de control de estantería 1515-F-10-12
Holdings
Estatus retirado Estado de pérdida Estado de daño No para préstamo Colección Biblioteca de origen Biblioteca actual Ubicación en estantería Fecha de adquisición Fuente de adquisición Total de préstamos Signatura topográfica completa Código de barras Visto por última vez Precio de reemplazo Tipo de ítem Koha
        Colección de folletos Biblioteca del Ateneo de Madrid Biblioteca del Ateneo de Madrid Depósito folletos 17/01/2008     1515-F-10-12 1125868 23/02/2023 23/02/2023 Folleto